| 000 | 00722cam a22002293a 4500 | ||
|---|---|---|---|
| 001 | 43786 | ||
| 003 | PGUSA | ||
| 005 | 20140828084009.0 | ||
| 008 | 130921s2013||||xxu|||||s|||||000 | eng d | ||
| 040 |
_aPGUSA _beng |
||
| 042 | _adc | ||
| 100 | 1 | _aStrang, Herbert | |
| 245 | 1 | 2 |
_aA Gentleman-at-arms : _bBeing passages in the life of Sir Christopher Rudd, Knight _h[electronic resource] / _cHerbert Strang |
| 260 |
_bProject Gutenberg, _c2013 |
||
| 506 | _aPublic domain in the USA. | ||
| 516 | _aElectronic text | ||
| 700 | 1 |
_aCuneo, Cyrus, _d1879-1916 |
|
| 700 | 1 |
_aRobinson, T. H. _q(Thomas Heath), _d1869-1950 |
|
| 830 | 0 |
_aProject Gutenberg _v43786 |
|
| 856 | 4 | 0 | _uhttp://www.gutenberg.org/ebooks/43786 |
| 942 | _cEB | ||
| 999 |
_c273037 _d273037 |
||